00442 2200169 4500001002100000005001500021008004100036020002200077035001900099041000700118082001200125090001800137100002500155245002100180260004600201300002500247INLIS00000000000013620241224112125241224||||||||| | ||| |||| || |  a978-602-7985-16-2 0010-1224000136 aid0 a340,072 a340.072 PET p0 aPeter Mahmud Marzuki00aPenelitian Hukum aJakartabkencana prenadamedia groupc2013 ax, 260 hlm.; 20,5 cm